আত্মস্মৃতি / (Record no. 18864)

MARC details
000 -LEADER
fixed length control field 00686nam a22001937a 4500
003 - CONTROL NUMBER IDENTIFIER
control field BDDh-ASL
005 - DATE AND TIME OF LATEST TRANSACTION
control field 20231015025738.0
008 - FIXED-LENGTH DATA ELEMENTS--GENERAL INFORMATION
fixed length control field 201031s1989 b ||||| |||| 00| 0 b d
040 ## - CATALOGING SOURCE
Original cataloging agency BDDh-ASL
Transcribing agency BDDh-ASL
041 ## - LANGUAGE CODE
Language code of text/sound track or separate title ben
082 ## - DEWEY DECIMAL CLASSIFICATION NUMBER
Classification number 928.9144
Item number SHA
100 1# - MAIN ENTRY--PERSONAL NAME
9 (RLIN) 1764
Personal name শামসুদ্দীন, আবু জাফর
245 10 - TITLE STATEMENT
Title আত্মস্মৃতি /
246 ## - VARYING FORM OF TITLE
Title proper/short title Atto Smrity
260 ## - PUBLICATION, DISTRIBUTION, ETC.
Place of publication, distribution, etc. ঢাকা :
Name of publisher, distributor, etc. জাতীয় সাহিত্য প্রকাশনী,
Date of publication, distribution, etc. 1989.
300 ## - PHYSICAL DESCRIPTION
Extent ৪১০ পৃ. :
Dimensions ২২ সে. মি.
600 10 - SUBJECT ADDED ENTRY--PERSONAL NAME
9 (RLIN) 1764
Personal name শামসুদ্দীন, আবু জাফর
General subdivision জীবনী
942 ## - ADDED ENTRY ELEMENTS (KOHA)
Source of classification or shelving scheme Dewey Decimal Classification
Koha item type Books
Holdings
Withdrawn status Lost status Source of classification or shelving scheme Damaged status Not for loan Collection code Home library Current library Shelving location Date acquired Source of acquisition Serial Enumeration / chronology Total Checkouts Full call number Barcode Date last seen Copy number Price effective from Koha item type
    Dewey Decimal Classification     Non-fiction Asiatic Society Library Asiatic Society Library General Stacks 10/31/2020 Donated by Prof. (Dr.) M. Abdul Qayyum & Dr. Razia Sultana V-1   928.9144 SHA 102099 10/31/2020 C-1 10/31/2020 Books

Powered by Koha